La señora Frisby y las ratas de Nimh
Uloženo v:
| Hlavní autor: | |
|---|---|
| Médium: | Kniha |
| Jazyk: | španělština |
| Vydáno: |
Madrid
SM
1990
|
| Vydání: | 6a. ed |
| Edice: | <El >barco de vapor, 82
|
| Témata: | |
| Tagy: |
Přidat tag
Žádné tagy, Buďte první, kdo vytvoří štítek k tomuto záznamu!
|
MARC
| LEADER | 00000nam a2200000 a 4500 | ||
|---|---|---|---|
| 001 | UCH6892 | ||
| 003 | CL-VaPUC | ||
| 008 | 091109e19900000SP |||||||||||||||||spa|d | ||
| 020 | |a 8434816016 | ||
| 082 | 0 | 4 | |a 813 |b OBR |2 21 |
| 100 | |a O'Brien, Robert C. |e autor |9 543462 | ||
| 245 | 1 | 3 | |a La señora Frisby y las ratas de Nimh |
| 250 | |a 6a. ed | ||
| 300 | |a 193 p | ||
| 942 | |c BK | ||
| 945 | |d 20091109 00:00:00 |a ccalabra | ||
| 260 | |a Madrid |b SM |c 1990 | ||
| 650 | 0 | |a Literatura |9 259151 | |
| 650 | 7 | |a LITERATURA NORTEAMERICANA |2 CL-VaPUC |9 543463 | |
| 650 | 0 | |a Escritores |9 313723 | |
| 650 | 0 | |a Ficción |9 376687 | |
| 650 | 0 | |a Lectura |9 307634 | |
| 650 | 0 | |a Literatura infantil |9 307465 | |
| 651 | 0 | |a Estados Unidos |9 255178 | |
| 583 | |a last modification |c 20091109 00:00:00 |k Rodrigo Vera | ||
| 490 | 0 | |a <El >barco de vapor, 82 | |
| 999 | |c 337695 |d 337693 | ||